Statistiques concernant Pays produisant le plus de kiwis

Cliquez ici pour prendre le quiz!

Statistiques générales

  • Ce quiz a été pris 86 fois
  • Le résultat moyen est 12 sur 20

Statistiques - réponses

1000 tonnespays% Correct
2390Chine
93%
28Etats-Unis
93%
65France
93%
23Espagne
90%
524Italie
86%
21Portugal
83%
2Australie
82%
434Nouvelle-Zélande
82%
26Japon
81%
44Turquie
71%
183Grèce
70%
294Iran
51%
226Chili
49%
9Corée du Sud
46%
4Israël
35%
0,4Suisse
28%
0,4Slovénie
19%
0,2Chypre
18%
1Monténégro
10%
0,4Kirghizistan
4%

Distribution des résultats

Percentile par nombre de réponses

% des personnes avec chaque résultat

Votre développement - résultats

Vous n’avez pas pris ce quiz